Normal view
MARC view
Entry Personal Name
001 - CONTROL NUMBER
- control field: 265937
003 - CONTROL NUMBER IDENTIFIER
- control field: OSt
005 - DATE AND TIME OF LATEST TRANSACTION
- control field: 20260623123427.0
008 - FIXED-LENGTH DATA ELEMENTS
- fixed length control field: 260623|| aca||aabn | a|a d
040 ## - CATALOGING SOURCE
- Original cataloging agency: OSt
- Transcribing agency: OSt
100 ## - HEADING--PERSONAL NAME
- Personal name: AYANSI PALADKA.
- Dates associated with a name: ಅಯಾನ್ಸಿ ಪಾಲಡ್ಕ
670 ## - SOURCE DATA FOUND
- Source citation: Work cat.: (OSt)106859: AYANSI PALADKA. ಅಯಾನ್ಸಿ ಪಾಲಡ್ಕ, Yego baye., 1995